书目信息 |
| 题名: |
民俗文化与民俗生活
|
|
| 作者: | 高丙中 著 | |
| 分册: | ||
| 出版信息: | 北京 中国社会科学出版社 1994.09 |
|
| 页数: | 240页 | |
| 开本: | 32开 | |
| 丛书名: | ||
| 单 册: | ||
| 中图分类: | K890 | |
| 科图分类: | ||
| 主题词: | 风俗习惯 | |
| 电子资源: | ||
| ISBN: | 7-5004-1512-5 | |
| 000 | 00551nam0 2200193 45 | |
| 001 | 0103211168 | |
| 005 | 20010321110759.5 | |
| 010 | @a7-5004-1512-5@d17.00元 | |
| 100 | @a20010321d1994 km y0chiy0120 ea | |
| 101 | 0 | @achi |
| 105 | @a z 000yy | |
| 200 | 1 | @a民俗文化与民俗生活@AMin Su Wen Hua Yu Min Su Sheng Huo@f高丙中著@FGao Bing Zhong Zhu |
| 210 | @a北京@c中国社会科学出版社@d1994.09 | |
| 215 | @a240页@d32开 | |
| 606 | 0 | @a风俗习惯 |
| 690 | @aK890@v3 | |
| 701 | 0 | @a高丙中@4著 |
| 801 | @aCN@bPftUser@c20010321 | |
| 905 | @b331198@dK890@eG959@f1 | |
| 民俗文化与民俗生活/高丙中著.-北京:中国社会科学出版社,1994.09 |
| 240页;32开 |
| ISBN 7-5004-1512-5:17.00元 |
| ● |
| 相关链接 |
|
|
|
正题名:民俗文化与民俗生活
索取号:K890/G959
 
预约/预借
| 序号 | 登录号 | 条形码 | 馆藏地/架位号 | 状态 | 备注 |
| 1 | 331198 | 203311987 | 社科库309/309社科库 9排4列6层/ [索取号:K890/G959] | 在馆 |